| 000 | 00590nam a22002057a 4500 | ||
|---|---|---|---|
| 003 | OSt | ||
| 005 | 20181114154311.0 | ||
| 008 | 181114b xxu||||| |||| 00| 0 eng d | ||
| 020 | _a0387985861 | ||
| 040 | _cDNLM | ||
| 082 | _aW20.5 F911f 2015 | ||
| 100 |
_aFriedman, Lawrence M; Furberg, Curt D.; Demets, David L. _912753 |
||
| 245 | _aFundamentals of Clinical Trials | ||
| 250 | _a5th ed. Asian ed. | ||
| 260 | _aNew York; Springer-V erlag 2015 | ||
| 300 | _axviii,361p; ill: 23cm | ||
| 504 | _aReferences, & index included | ||
| 650 |
_aClinical Trials _912636 |
||
| 942 |
_2z _cSLOAN |
||
| 999 |
_c6181 _d6181 |
||